000 00526nam a2200181Ia 4500
003 GCL
008 140319s9999 xx 000 0 ara d
040 _aGCL /
_cGCL
082 0 4 _a668.12
_bف ص
100 1 _aفؤاد عبدالعزيز احمد الشيخ
245 1 0 _aصناعة الصابون /
_cفؤاد عبدالعزيز احمد الشيخ
260 _a[S.N] :
_bمكتبة الوفاء ،
_c1995
300 _a591 ص
490 _a
650 0 4 _aالصناعة
650 0 4 _aالصابون
942 _2ddc
_cBK
999 _c36883
_d36883